Life story of O. H. Bond. (Record no. 14250)

000 -LEADER
fixed length control field 00648nam a2200193 a 4500
001 - CONTROL NUMBER
control field :::00012079$&:&@@
003 - CONTROL NUMBER IDENTIFIER
control field OkBaRHE
005 - DATE AND TIME OF LATEST TRANSACTION
control field 20000607103415.0
008 - FIXED-LENGTH DATA ELEMENTS--GENERAL INFORMATION
fixed length control field j 000 0 eng u
040 ## - CATALOGING SOURCE
Transcribing agency
100 1# - MAIN ENTRY--PERSONAL NAME
Personal name Bond, O. H. (Oscar Harrison), 1889-1957.
245 10 - TITLE STATEMENT
Title Life story of O. H. Bond.
260 ## - PUBLICATION, DISTRIBUTION, ETC. (IMPRINT)
Place of publication, distribution, etc Oakgrove, AR., :
Name of publisher, distributor, etc n.p.
Date of publication, distribution, etc nd
300 ## - PHYSICAL DESCRIPTION
Extent 186 p. : illus. ;
Dimensions 19 cm.
650 ## - SUBJECT ADDED ENTRY--TOPICAL TERM
Topical term or geographic name as entry element Pentecostalism
General subdivision Oklahoma
650 ## - SUBJECT ADDED ENTRY--TOPICAL TERM
Topical term or geographic name as entry element The Church of God of the Apostolic Faith (Tulsa, OK)
General subdivision Bibliography
942 ## - ADDED ENTRY ELEMENTS (KOHA)
Source of classification or shelving scheme
Koha item type Books
Copies
Lost status Copy number Price effective from Full call number Date last seen Date acquired Not for loan Permanent Location Koha item type Damaged status Source of classification or shelving scheme Withdrawn status Barcode Shelving location
 12010-04-14BX 8789.1 .Z8B62010-04-142010-04-14 RHEMA Bible Training CollegeBooks   12079General Stacks